Tratado de la prueba en materia criminal o exposición comparada de los principios en materia criminal y de sus diversas aplicaciones en Alemania, Francia, Inglaterra, etc. (Registro nro. 17854)
[ vista simple ]
| 000 -ENCABEZADO | |
|---|---|
| Número de control [NR] | 00929nam a2200229Ia 4500 |
| 008 - DE LONGITUD FIJA DE DATOS DE ELEMENTOS - INFORMACIÓN GENERAL | |
| Elementos de longitud fija [NR] | 130821s1979 sp gr spa |
| 020 ## - NUMERO INTERNACIONAL NORMALIZADO PARA LIBROS [R] | |
| Número Internacional Normalizado del libro [NR] | 8429010718 |
| 040 ## - FUENTE DE CATALOGACION [NR] | |
| Agencia de catalogación original [NR] | Co-BoUCM |
| Idioma de catalogación [NR] | spa |
| 041 ## - CODIGO DE IDIOMA [R] | |
| Código de idioma para texto/pista de sonido o título separado [R] | Español |
| 100 1# - ASIENTO PRINCIPAL--NOMBRE PERSONAL [NR] | |
| Nombre personal [NR] | Mittermaier, C.J.A. |
| ID Autoridad | 117435 |
| 245 ## - MENCION DE TITULO [NR] | |
| Título [NR] | Tratado de la prueba en materia criminal o exposición comparada de los principios en materia criminal y de sus diversas aplicaciones en Alemania, Francia, Inglaterra, etc. |
| Mención de responsabilidad, etc. [NR] | C.J.A. Mittermaier ; adicionada y puesta al dia por Pedro Aragoneses Al |
| 250 ## - MENCION DE EDICION [NR] | |
| Mención de edición [NR] | 10a. ed |
| 260 ## - PUBLICACION, DISTRIBUCION, ETC. (PIE DE IMPRENTA) [R] | |
| Lugar de publicación, distribución, etc. [R] | Madrid (España) |
| Nombre del editor, distribuidor, etc. [R] | Reus |
| Fecha de publicación, distribución, etc. [R] | 1979 |
| 300 ## - DESCRIPCION FISICA [R] | |
| Extensión [R] | 503 páginas |
| 490 ## - MENCION DE SERIE [R] | |
| Mención de serie [R] | Biblioteca Juridica de Autores Españoles y Extranjeros |
| 650 04 - ASIENTO SECUNDARIO DE MATERIA - TERMINO TEMATICO [R] | |
| Término temático o nombre geográfico como elemento de entrada [NR] | Criminología |
| 9 (RLIN) | 12152 |
| 650 04 - ASIENTO SECUNDARIO DE MATERIA - TERMINO TEMATICO [R] | |
| Término temático o nombre geográfico como elemento de entrada [NR] | Derecho penal |
| 9 (RLIN) | 12805 |
| 650 04 - ASIENTO SECUNDARIO DE MATERIA - TERMINO TEMATICO [R] | |
| Término temático o nombre geográfico como elemento de entrada [NR] | Prueba (Derecho) |
| 9 (RLIN) | 22726 |
| 700 1# - ASIENTO SECUNDARIO - NOMBRE PERSONAL [R] | |
| Nombre personal [NR] | Aragoneses Alonso, Pedro |
| 9 (RLIN) | 156249 |
| 942 ## - ELEMENTOS DE ENTRADA AGREGADOS (KOHA) | |
| Tipo de ítem principal el descrito en 300a | Libro |
| Sistema de clasificación | DEWEY |
| Tema principal | Derecho |
| Edición | 1 |
| Clasificación | 364.12 |
| Parte restante de la signatura top. | M47 |
| Fecha de último préstamo | Total préstamos | Signatura topográfica | Código de barras | Última vez visto | Volúmen / Fascículo | Ejemplar | Price effective from | Tipo de ítem | Nota pública (OPAC) | Perdido | Sistema de clasificación | Dañado | No prestable | Tipo de ítem específico | Suprimido | Ubicación habitual | Ubicación actual | Localización | Fecha de creación | Forma de adquisición | Costo |
|---|---|---|---|---|---|---|---|---|---|---|---|---|---|---|---|---|---|---|---|---|---|
| 26/10/2008 | 5 | 364.12 M47 | 100027995 | 04/12/2025 | 10A.ED | Ej.1 | 03/02/2013 | Libro | Spot Criminología e Investigación Criminal | DEWEY | Libro | Claustro | Claustro | 3er piso | 28/02/2003 | Compra | 4200.00 |